00337 2200145 4500001002100000005001500021035002000036245003700056100002600093300000800119260002900127082000800156084001400164990001300178INLIS00000000000214920250527113844 a0010-05250004411 aTawanan /cParakitri T. Simbolon0 aParakitri T. Simbolon a186 aJakarta :bKompas,c2003 a813 a813 PAR t a07.12504